Library of the University of Algiers 3
Ibrahim Sultan Cheibout
شعار جامعة الجزائر 3
مكتبة جامعة الجزائر 3
إبراهيم سلطان شيبوط

دليل التعريف بخبراء الإعلام في الوطن العربي (رقم التسجيلة. 11814)

تفاصيل مارك
000 -LEADER
fixed length control field 00673nam a2200205Ia 4500
003 - CONTROL NUMBER IDENTIFIER
control field IEPS
005 - DATE AND TIME OF LATEST TRANSACTION
control field 20260419103242.0
008 - FIXED-LENGTH DATA ELEMENTS--GENERAL INFORMATION
fixed length control field 250223s9999||||xx |||||||||||||| ||und||
040 ## - CATALOGING SOURCE
Transcribing agency UNIV.ALGER3 IEPS
041 ## - LANGUAGE CODE
Language code of text/sound track or separate title ara
082 ## - DEWEY DECIMAL CLASSIFICATION NUMBER
Classification number 070
100 ## - MAIN ENTRY--PERSONAL NAME
Personal name ثريا محمد
245 #0 - TITLE STATEMENT
Title دليل التعريف بخبراء الإعلام في الوطن العربي
260 ## - PUBLICATION, DISTRIBUTION, ETC.
Place of publication, distribution, etc. تونس
Name of publisher, distributor, etc. المنظمة العربية للتربية والثقافة والعلوم
Date of publication, distribution, etc. 1989
300 ## - PHYSICAL DESCRIPTION
Extent 163 ص.
Other physical details غلاف ملون ومصور
Dimensions 24 سم
653 ## - INDEX TERM--UNCONTROLLED
Uncontrolled term الإعلام
653 ## - INDEX TERM--UNCONTROLLED
Uncontrolled term خبراء الإعلام
700 ## - ADDED ENTRY--PERSONAL NAME
Personal name القتوري طارق
942 ## - ADDED ENTRY ELEMENTS (KOHA)
Koha item type كتب
Source of classification or shelving scheme Dewey Decimal Classification
المقتنيات
Withdrawn status Lost status Source of classification or shelving scheme Damaged status Not for loan Home library Current library Date acquired Inventory number Total checkouts Full call number Barcode Date last seen Copy number Price effective from Koha item type
    Dewey Decimal Classification   Available مكتبة معهد التربية البدنية و الرياضية مكتبة معهد التربية البدنية و الرياضية 23/02/2025 الجرد / 205   070 ث م د / 1 الجرد / 205 23/02/2025 ل ع 92 / 1 23/02/2025 كتب
    Dewey Decimal Classification   Available مكتبة معهد التربية البدنية و الرياضية مكتبة معهد التربية البدنية و الرياضية 23/02/2025 الجرد / 206   070 ث م د / 2 الجرد / 206 23/02/2025 ل ع 92 / 2 23/02/2025 كتب
    Dewey Decimal Classification   Available مكتبة معهد التربية البدنية و الرياضية مكتبة معهد التربية البدنية و الرياضية 23/02/2025 الجرد / 207   070 ث م د / 3 الجرد / 207 23/02/2025 ل ع 92 / 3 23/02/2025 كتب
    Dewey Decimal Classification   Available مكتبة معهد التربية البدنية و الرياضية مكتبة معهد التربية البدنية و الرياضية 23/02/2025 الجرد / 208   070 ث م د / 4 الجرد / 208 23/02/2025 ل ع 92 / 4 23/02/2025 كتب
    Dewey Decimal Classification   Available مكتبة معهد التربية البدنية و الرياضية مكتبة معهد التربية البدنية و الرياضية 23/02/2025 الجرد / 209   070 ث م د / 5 الجرد / 209 23/02/2025 ل ع 92 / 5 23/02/2025 كتب

موارد الويب المفتوحة


© University of Algiers 3 All Rights Reserved
|
Implemented by LECHELAH Riad